000 00402nam a22001697a 4500
003 OSt
008 240805b |||||||| |||| 00| 0 eng d
020 _a9780195672497
082 _a891.43 EZC
100 _aEZEKIEL, Nissim
245 _aCollected Poems
250 _a2nd. ed.,
260 _aNew Delhi,
_bOxford University Press,
_c2023,
300 _a296 p.
650 _aEnglish
942 _2ddc
_cBK
999 _c12811
_d12811